[Event "FRA-ch U18 Girls"]
[Site "Hyeres"]
[Date "2019.04.18"]
[Round "6"]
[White "Lomandong, Noela Joyce"]
[Black "Tourneur, Cloe"]
[Result "1-0"]
[WhiteElo "1942"]
[BlackElo "1654"]
[PlyCount "77"]
[EventDate "2019.04.14"]
[EventType "swiss"]
[EventRounds "9"]
[EventCountry "FRA"]
[SourceTitle "CBM 190 Extra"]
[Source "ChessBase"]
[SourceDate "2019.07.15"]
[SourceVersion "1"]
[SourceVersionDate "2019.07.15"]
[SourceQuality "1"]

1. Nf3 d5 2. g3 Nf6 3. Bg2 Bg4 4. b3 e6 5. Bb2 Be7 6. d3 Nbd7 7. Nbd2 0-0 8. c4 c6 9. Qc2 a5 10. 0-0 Re8 11. h3 Bh5 12. a3 Bd6 13. e4 dxe4 14. dxe4 e5 15. Bc3 Qe7 16. Bb2 Rec8 17. Nh4 Qe6 18. Nf5 Bf8 19. Qc3 b5 20. g4 Bg6 21. Rfe1 h5 22. Qg3 Re8 23. Nf3 bxc4 24. Ng5 Nxe4 25. Bxe4 Qf6 26. Nf3 cxb3 27. Rac1 Rac8 28. Bb1 Bd6 29. Nxd6 Qxd6 30. Rcd1 Qe7 31. Bxg6 fxg6 32. Nxe5 Nxe5 33. Rxe5 Qf7 34. gxh5 Rxe5 35. Bxe5 gxh5 36. Rd6 Kh7 37. Qd3+ Kh8 38. Rh6+ Kg8 39. Rg6 1-0

[Event "FRA-ch U18 Girls"]
[Site "Hyeres"]
[Date "2019.04.15"]
[Round "2"]
[White "Lomandong, Noela Joyce"]
[Black "Hebert, Floriane"]
[Result "1-0"]
[WhiteElo "1942"]
[BlackElo "1694"]
[PlyCount "123"]
[EventDate "2019.04.14"]
[EventType "swiss"]
[EventRounds "9"]
[EventCountry "FRA"]
[SourceTitle "CBM 190 Extra"]
[Source "ChessBase"]
[SourceDate "2019.07.15"]
[SourceVersion "1"]
[SourceVersionDate "2019.07.15"]
[SourceQuality "1"]

1. b3 d5 2. Bb2 Nc6 3. e3 Nf6 4. d4 Bf5 5. a3 a6 6. Nd2 e6 7. Ngf3 h6 8. Be2 Bd6 9. b4 b5 10. Ne5 Bxe5 11. dxe5 Nd7 12. f4 Nb6 13. Nb3 Na4 14. Rb1 Nxb2 15. Rxb2 Qe7 16. Bd3 Bxd3 17. cxd3 0-0 18. Qc1 Nb8 19. Rc2 Rc8 20. Na5 Ra7 21. 0-0 Qe8 22. Rf3 c6 23. Rg3 Kh8 24. Rh3 Rac7 25. g4 Qf8 26. d4 f6 27. Nb3 Nd7 28. Rg2 Kh7 29. Qc2+ f5 30. gxf5 Qxf5 31. Qxf5+ exf5 32. Rhg3 Nf8 33. Nc5 Ra8 34. a4 Raa7 35. a5 Re7 36. h3 Re8 37. Kh2 Ree7 38. Rg1 Kh8 39. R3g2 Kh7 40. Rc1 Rec7 41. Kg3 Ra8 42. Kf3 Kg8 43. Rcg1 Kh7 44. Nd3 Re8 45. Rc1 Ra8 46. Rgc2 Rac8 47. Nc5 Ra8 48. Rc3 Kg8 49. R1c2 Kf7 50. Rg2 Kg8 51. Rc1 Kh7 52. h4 Kg8 53. h5 Kh7 54. Nd3 Rac8 55. Ne1 Re8 56. Rgc2 Rec8 57. Ng2 g6 58. Nh4 gxh5 59. Nxf5 Kg6 60. Nd6 Ra8 61. f5+ Kg7 62. Rxc6 1-0

[Event "EU-ch U18 Girls 28th"]
[Site "Riga"]
[Date "2018.08.22"]
[Round "3"]
[White "Lomandong, Noela Joyce"]
[Black "Dimitrova, Aleksandra"]
[Result "0-1"]
[WhiteElo "2040"]
[BlackElo "2166"]
[PlyCount "182"]
[EventDate "2018.08.20"]
[EventType "swiss"]
[EventRounds "9"]
[EventCountry "LAT"]
[SourceTitle "CBM 186 Extra"]
[Source "ChessBase"]
[SourceDate "2018.08.24"]
[SourceVersion "1"]
[SourceVersionDate "2018.08.24"]
[SourceQuality "1"]

1. Nf3 Nf6 2. g3 b5 3. Bg2 Bb7 4. b3 e6 5. Bb2 c5 6. c4 a6 7. Nc3 Qb6 8. 0-0 Be7 9. e3 0-0 10. d4 cxd4 11. exd4 bxc4 12. Na4 Qc7 13. bxc4 d5 14. Nc5 Bxc5 15. dxc5 Qxc5 16. Qb3 Qc8 17. Rac1 d4 18. Bxd4 Nbd7 19. Rfe1 Rb8 20. Qe3 Bc6 21. Ne5 Bxg2 22. Kxg2 Nxe5 23. Qxe5 Qc6+ 24. Kg1 Rfc8 25. Qf4 Ne8 26. Rc2 Rb4 27. Rec1 Qa4 28. Be3 f6 29. Qe4 Qc6 30. Qxc6 Rxc6 31. Bd2 Ra4 32. c5 Nc7 33. Rb1 Nb5 34. Rb4 Rxb4 35. Bxb4 Nd4 36. Rb2 e5 37. Ba3 Nb5 38. Bb4 Kf7 39. Kf1 Ke6 40. Ke2 Rc7 41. Ke3 Kd5 42. Kd3 Nd4 43. Ba3 Nb5 44. Bb4 Rb7 45. Rc2 Nd4 46. Rc4 a5 47. c6 Nxc6 48. Rc5+ Kd6 49. Ba3 Kc7 50. Kc4 Rb1 51. f4 Kb6 52. Rd5 exf4 53. gxf4 Rf1 54. Bc5+ Kc7 55. Bd6+ Kc8 56. f5 Ra1 57. Kb5 Nd8 58. a3 Nb7 59. Bf8 g6 60. Be7 gxf5 61. Bxf6 Rxa3 62. Kc6 Ra2 63. Rxf5 Rxh2 64. Rg5 Nd8+ 65. Bxd8 Kxd8 66. Rxa5 Rh6+ 67. Kb7 Rd6 68. Re5 Kd7 69. Rh5 h6 70. Rh1 Re6 71. Rh2 Kd6 72. Rh5 Rg6 73. Kb6 Re6 74. Kb7 Ke7 75. Kc7 Kf7 76. Kd7 Ra6 77. Rh1 Rf6 78. Rh2 Kg6 79. Ke7 Rf4 80. Rg2+ Kf5 81. Kf7 h5 82. Rg7 Ke4+ 83. Ke6 h4 84. Rh7 Rg4 85. Kf6 Kf4 86. Rh8 Kg3 87. Rh7 h3 88. Kf5 Rh4 89. Ra7 h2 90. Ra3+ Kf2 91. Ra2+ Ke3 0-1

[Event "EU-ch U16 Girls 27th"]
[Site "Mamaia"]
[Date "2017.09.13"]
[Round "8"]
[White "Aciu, Malina Andreea"]
[Black "Lomandong, Noela Joyce"]
[Result "0-1"]
[WhiteElo "2058"]
[BlackElo "2040"]
[PlyCount "136"]
[EventDate "2017.09.05"]
[EventType "swiss"]
[EventRounds "9"]
[EventCountry "ROU"]
[SourceTitle "CBM 180 Extra"]
[Source "ChessBase"]
[SourceDate "2017.10.06"]
[SourceVersion "1"]
[SourceVersionDate "2017.10.06"]
[SourceQuality "1"]

1. d4 d5 2. c4 c6 3. e3 g6 4. Nc3 Bg7 5. Nf3 Nf6 6. Bd3 0-0 7. 0-0 b6 8. b3 Bf5 9. Bb2 e6 10. Re1 Ne4 11. Bxe4 Bxe4 12. Nd2 Bf5 13. f3 e5 14. Ne2 Re8 15. Nf1 e4 16. Neg3 Na6 17. a3 Qf6 18. Nd2 Nc5 19. Rf1 Nd3 20. fxe4 Qg5 21. exf5 Qxe3+ 22. Kh1 Nxb2 23. Qc2 Qxd4 24. Nf3 Qc3 25. Qxc3 Bxc3 26. cxd5 cxd5 27. Rac1 Rac8 28. Rc2 d4 29. Rfc1 Nd3 30. Rd1 Nb2 31. Rdc1 Nd3 32. Rd1 Nf4 33. Rdc1 Rcd8 34. h3 Nd3 35. Rd1 Ne1 36. Rf2 Nxf3 37. Rxf3 Re1+ 38. Rf1 Re3 39. Rf3 Re1+ 40. Rf1 Re3 41. Rf3 Rde8 42. Kh2 Re1 43. Rdd3 Ra1 44. fxg6 hxg6 45. a4 Rae1 46. h4 Kg7 47. Kh3 R8e5 48. Kg4 Bb2 49. h5 f5+ 50. Kh3 R1e3 51. hxg6 Kxg6 52. Nf1 Rxd3 53. Rxd3 Re1 54. Rf3 Bc1 55. g3 d3 56. Rf2 Re2 57. Rf3 Re1 58. Rf2 Be3 59. Nxe3 Rxe3 60. Rd2 f4 61. Kg4 fxg3 62. Kf4 Re2 63. Rxd3 g2 64. Rg3+ Kf6 65. b4 Rb2 66. Kf3 Rb3+ 67. Kxg2 Rxg3+ 68. Kxg3 Ke5 0-1

[Event "FRA-chT Top 12 (Women) GpA"]
[Site "Mulhouse"]
[Date "2017.05.07"]
[Round "3.3"]
[White "Lomandong, Noela Joyce"]
[Black "Tsulaia, Salome"]
[Result "1-0"]
[WhiteElo "1966"]
[BlackElo "1488"]
[PlyCount "51"]
[EventDate "2017.05.05"]
[EventType "team-tourn"]
[EventRounds "5"]
[EventCountry "FRA"]
[SourceTitle "CBM 178 Extra"]
[Source "ChessBase"]
[SourceDate "2017.06.22"]
[SourceVersion "1"]
[SourceVersionDate "2017.06.22"]
[SourceQuality "1"]
[WhiteTeam "Monaco (W)"]
[BlackTeam "Strasbourg (W)"]
[WhiteTeamCountry "MNC"]
[BlackTeamCountry "FRA"]

1. Nf3 e6 2. g3 Nf6 3. Bg2 d5 4. c4 Bd6 5. d4 0-0 6. Nc3 Re8 7. Bg5 c6 8. 0-0 h6 9. Bxf6 Qxf6 10. e4 dxe4 11. Nxe4 Qd8 12. Nxd6 Qxd6 13. Qb3 Nd7 14. Rfe1 Nf6 15. Rad1 Qc7 16. Ne5 Rd8 17. Qc3 Bd7 18. h4 Rac8 19. g4 Nh7 20. Be4 Rf8 21. g5 hxg5 22. Bxh7+ Kxh7 23. hxg5 Be8 24. Kg2 f6 25. g6+ Kg8 26. Qh3 1-0

[Event "FRA-ch U16 Girls"]
[Site "Belfort"]
[Date "2017.04.21"]
[Round "7.2"]
[White "Lomandong, Noela Joyce"]
[Black "Rollot, Florence"]
[Result "0-1"]
[WhiteElo "1987"]
[BlackElo "1973"]
[PlyCount "120"]
[EventDate "2017.04.16"]
[EventType "swiss"]
[EventRounds "9"]
[EventCountry "FRA"]
[SourceTitle "EXT 2019"]
[Source "ChessBase"]
[SourceDate "2018.10.10"]
[SourceVersion "1"]
[SourceVersionDate "2018.10.10"]
[SourceQuality "1"]

1. Nf3 Nf6 2. g3 c5 3. Bg2 g6 4. b3 Bg7 5. Bb2 Nc6 6. 0-0 0-0 7. c4 Rb8 8. d4 cxd4 9. Nxd4 Qb6 10. Nc2 d6 11. Nc3 Ne5 12. Ne3 Be6 13. Qc2 Rfc8 14. Rad1 a6 15. Qd2 Neg4 16. Nxg4 Nxg4 17. Na4 Qa7 18. Bxg7 Kxg7 19. Nb2 b5 20. Bd5 Qd7 21. Qd4+ Kg8 22. Nd3 Nf6 23. Bxe6 Qxe6 24. Nf4 Qd7 25. Nd5 Nxd5 26. cxd5 Rc2 27. Rd2 Rbc8 28. Rfd1 Qf5 29. Kg2 Rxd2 30. Rxd2 Qb1 31. Qb2 Qxb2 32. Rxb2 Rc5 33. Rd2 Kg7 34. Kf3 Kf6 35. Ke4 Rc1 36. e3 Kg5 37. Kf3 Kf5 38. Rd4 Ke5 39. a4 Rc5 40. Re4+ Kf6 41. Rd4 a5 42. Ke4 Kg5 43. axb5 Rxb5 44. Ra4 Kg4 45. Kd3+ Kg5 46. Kc4 Rc5+ 47. Kd4 Kf5 48. e4+ Kg4 49. Ra2 Rb5 50. Kc4 Rb4+ 51. Kc3 Rb5 52. Kc4 Rc5+ 53. Kd4 Kf3 54. e5 Rb5 55. Kc4 Rb4+ 56. Kc3 dxe5 57. Rxa5 Rb7 58. Ra2 Ke4 59. Rd2 f5 60. Rd3 Rxb3+ 0-1

[Event "FRA-ch U16 Girls"]
[Site "Belfort"]
[Date "2017.04.18"]
[Round "4.1"]
[White "Belluire, Beatrice"]
[Black "Lomandong, Noela Joyce"]
[Result "1-0"]
[WhiteElo "1786"]
[BlackElo "1987"]
[PlyCount "113"]
[EventDate "2017.04.16"]
[EventType "swiss"]
[EventRounds "9"]
[EventCountry "FRA"]
[SourceTitle "EXT 2019"]
[Source "ChessBase"]
[SourceDate "2018.10.10"]
[SourceVersion "1"]
[SourceVersionDate "2018.10.10"]
[SourceQuality "1"]

1. e4 b6 2. d4 Bb7 3. Nc3 Nf6 4. f3 e6 5. Be3 Bb4 6. Qd2 Bxe4 7. fxe4 Nxe4 8. Qd3 Bxc3+ 9. bxc3 Qh4+ 10. Ke2 f5 11. Nh3 Nc6 12. Bf2 Qg4+ 13. Ke1 Ne7 14. Rg1 Nd5 15. Be2 Qg6 16. c4 Nb4 17. Qb3 c5 18. a3 Nc6 19. d5 Qf6 20. Rd1 Nxf2 21. Kxf2 Nd4 22. Qd3 Qh4+ 23. Kf1 0-0 24. c3 Nxe2 25. Qxe2 Rae8 26. Qd3 e5 27. Re1 h6 28. Re3 e4 29. Qe2 Kh7 30. Nf2 Qxh2 31. g3 f4 32. Rh1 f3 33. Rxh2 fxe2+ 34. Kxe2 Re5 35. Nxe4 Rfe8 36. Kd3 Kg6 37. Rhe2 b5 38. cxb5 Rxd5+ 39. Kc4 Rde5 40. a4 d5+ 41. Kd3 dxe4+ 42. Rxe4 Rd8+ 43. Kc4 Rg5 44. R2e3 Rc8 45. a5 Kh5 46. Re5 Kg6 47. Rxg5+ Kxg5 48. Re5+ Kf6 49. Rxc5 Re8 50. b6 axb6 51. axb6 Rb8 52. Kb5 g5 53. Ka6 Ke7 54. Ka7 Rd8 55. b7 Kd6 56. Rc8 Rd7 57. Ka8 1-0

[Event "Olympiad Women-42"]
[Site "Baku"]
[Date "2016.09.05"]
[Round "4.49"]
[White "Smith, Olivia"]
[Black "Lomandong, Noela Joyce"]
[Result "1/2-1/2"]
[WhiteElo "2002"]
[BlackElo "1763"]
[PlyCount "122"]
[EventDate "2016.09.02"]
[EventType "team-swiss"]
[EventRounds "11"]
[EventCountry "AZE"]
[SourceTitle "CBM 174 Extra"]
[Source "ChessBase"]
[SourceDate "2016.10.10"]
[SourceVersion "1"]
[SourceVersionDate "2016.10.10"]
[SourceQuality "1"]
[WhiteTeam "Wales (W)"]
[BlackTeam "Monaco (W)"]
[WhiteTeamCountry "WLS"]
[BlackTeamCountry "MNC"]

1. e4 g6 2. d4 Bg7 3. Nc3 c6 4. Be3 d5 5. e5 Nh6 6. Qd2 Nf5 7. Bf4 Qb6 8. 0-0-0 f6 9. g4 Nxd4 10. Na4 Qd8 11. Qxd4 Bxg4 12. f3 Bf5 13. exf6 Bxf6 14. Be5 0-0 15. Bxf6 Rxf6 16. Bh3 Qf8 17. Bxf5 Rxf5 18. Nc3 Nd7 19. Nge2 e5 20. Qd2 Nb6 21. b3 Rxf3 22. Ng3 Qc5 23. Nce2 a5 24. Rdf1 Qa3+ 25. Kb1 Rxf1+ 26. Rxf1 a4 27. Nc1 d4 28. Ne4 Nd5 29. Nf6+ Kg7 30. Nxd5 cxd5 31. Qg5 Qd6 32. Nd3 Re8 33. Qg3 axb3 34. axb3 Qe7 35. Qf2 Ra8 36. Qg3 Re8 37. Qf2 Ra8 38. h4 Ra6 39. Nxe5 Rf6 40. Qxf6+ Qxf6 41. Rxf6 Kxf6 42. Nf3 Kf5 43. Kc1 Kg4 44. Nxd4 Kxh4 45. Kd2 h5 46. Ke3 Kg4 47. Kf2 Kf4 48. Ne6+ Ke5 49. Nc5 b5 50. Ke3 g5 51. Nd7+ Ke6 52. Nc5+ Ke5 53. Nd3+ Kf5 54. Nb4 d4+ 55. Kf3 h4 56. Nc6 g4+ 57. Kg2 Ke4 58. Na7 d3 59. cxd3+ Kxd3 60. Nxb5 Kc2 61. Nd4+ Kc3 1/2-1/2

[Event "Olympiad Women-42"]
[Site "Baku"]
[Date "2016.09.03"]
[Round "2.38"]
[White "Zhang, Jasmine Haomo"]
[Black "Lomandong, Noela Joyce"]
[Result "1/2-1/2"]
[WhiteElo "1721"]
[BlackElo "1763"]
[PlyCount "65"]
[EventDate "2016.09.02"]
[EventType "team-swiss"]
[EventRounds "11"]
[EventCountry "AZE"]
[SourceTitle "CBM 174 Extra"]
[Source "ChessBase"]
[SourceDate "2016.10.10"]
[SourceVersion "1"]
[SourceVersionDate "2016.10.10"]
[SourceQuality "1"]
[WhiteTeam "New Zealand (W)"]
[BlackTeam "Monaco (W)"]
[WhiteTeamCountry "NZL"]
[BlackTeamCountry "MNC"]

1. d4 f5 2. Nf3 Nf6 3. Bf4 c6 4. c3 d5 5. e3 e6 6. Bd3 Be7 7. h3 Qb6 8. Qb3 c5 9. Qxb6 axb6 10. Nbd2 c4 11. Bc2 b5 12. 0-0 Nc6 13. a3 h6 14. Ne5 Nxe5 15. Bxe5 Rg8 16. f3 g5 17. e4 g4 18. hxg4 dxe4 19. Bxf6 Bxf6 20. fxe4 Bg5 21. Rad1 Be3+ 22. Kh2 Rxg4 23. Rf3 Bf4+ 24. g3 Bxd2 25. Rxd2 fxe4 26. Re3 Bd7 27. Bxe4 0-0-0 28. Bg2 Rg5 29. Bh3 Rh5 30. Re5 Rxe5 31. dxe5 Rf8 32. Kg2 Kc7 33. Rf2 1/2-1/2

[Event "Olympiad Women-42"]
[Site "Baku"]
[Date "2016.09.02"]
[Round "1.24"]
[White "Lomandong, Noela Joyce"]
[Black "Petrova, Kristyna"]
[Result "1/2-1/2"]
[WhiteElo "1763"]
[BlackElo "2271"]
[PlyCount "88"]
[EventDate "2016.09.02"]
[EventType "team-swiss"]
[EventRounds "11"]
[EventCountry "AZE"]
[SourceTitle "CBM 174 Extra"]
[Source "ChessBase"]
[SourceDate "2016.10.10"]
[SourceVersion "1"]
[SourceVersionDate "2016.10.10"]
[SourceQuality "1"]
[WhiteTeam "Monaco (W)"]
[BlackTeam "Czech Republic (W)"]
[WhiteTeamCountry "MNC"]
[BlackTeamCountry "CZE"]

1. Nf3 c5 2. g3 Nc6 3. Bg2 g6 4. c4 Bg7 5. Nc3 e5 6. d3 Nge7 7. Ne4 d6 8. Bg5 f5 9. Nf6+ Kf7 10. Nd5 h6 11. Bxe7 Nxe7 12. Nd2 Be6 13. e4 Rf8 14. a3 Nxd5 15. cxd5 Bd7 16. Nc4 Qf6 17. b4 Rac8 18. f3 Kg8 19. 0-0 h5 20. Qd2 Kh7 21. f4 exf4 22. gxf4 fxe4 23. dxe4 Qd4+ 24. Qxd4 Bxd4+ 25. Kh1 cxb4 26. Nxd6 Rc7 27. Rad1 Bc5 28. e5 Bxd6 29. exd6 Rc3 30. Rde1 Bb5 31. Re7+ Kh6 32. Rfe1 bxa3 33. Rxb7 a6 34. Be4 a2 35. Rg1 Rg8 36. d7 Bd3 37. Bxd3 Rxd3 38. Ra1 Rd2 39. Rb6 Rxd5 40. Rxa2 Rxd7 41. f5 Rf7 42. fxg6 Rxg6 43. Rxg6+ Kxg6 44. Rxa6+ Kg5 1/2-1/2

[Event "EU-ch U16 Girls 26th"]
[Site "Prague"]
[Date "2016.08.24"]
[Round "6"]
[White "Lomandong, Noela Joyce"]
[Black "Silva, Ana Ines Teixeira D"]
[Result "0-1"]
[WhiteElo "1841"]
[BlackElo "1781"]
[PlyCount "78"]
[EventDate "2016.08.18"]
[EventType "swiss"]
[EventRounds "9"]
[EventCountry "CZE"]
[SourceTitle "CBM 174 Extra"]
[Source "ChessBase"]
[SourceDate "2016.10.10"]
[SourceVersion "1"]
[SourceVersionDate "2016.10.10"]
[SourceQuality "1"]

1. Nf3 Nf6 2. g3 c5 3. Bg2 d5 4. 0-0 g6 5. d4 cxd4 6. Nxd4 Bg7 7. c4 0-0 8. Qb3 Nc6 9. Nxc6 bxc6 10. Nc3 Ba6 11. cxd5 cxd5 12. Rd1 Bc4 13. Qa4 Qb6 14. b3 Ng4 15. e3 Bxc3 16. bxc4 Bxa1 17. cxd5 Nf6 18. Ba3 Be5 19. Bxe7 Rfe8 20. d6 Rxe7 21. dxe7 Re8 22. Qa3 Bb2 23. Qa4 Rxe7 24. Rb1 Rc7 25. Qd1 Rc5 26. a4 Rc4 27. Bf1 Rb4 28. Bg2 Ne4 29. Qc2 Nc5 30. a5 Qxa5 31. Bf1 Qb6 32. h4 a5 33. h5 Bg7 34. Rc1 Bf8 35. Bc4 a4 36. Qa2 Nb3 37. Rb1 Qc5 38. Bxb3 axb3 39. Rxb3 Qc4 0-1

[Event "FRA-chT Top 12 (Women) GpB"]
[Site "Mulhouse"]
[Date "2016.05.08"]
[Round "5.3"]
[White "Lomandong, Noela Joyce"]
[Black "Richard, Emma"]
[Result "1-0"]
[WhiteElo "1807"]
[BlackElo "2086"]
[PlyCount "81"]
[EventDate "2016.05.05"]
[EventType "team-tourn"]
[EventRounds "5"]
[EventCountry "FRA"]
[SourceTitle "CBM 172 Extra"]
[Source "ChessBase"]
[SourceDate "2016.06.21"]
[SourceVersion "1"]
[SourceVersionDate "2016.06.21"]
[SourceQuality "1"]
[WhiteTeam "Monaco (W)"]
[BlackTeam "Mulhouse Philidor (W)"]
[WhiteTeamCountry "MNC"]
[BlackTeamCountry "FRA"]

1. g3 Nf6 2. Bg2 g6 3. Nf3 Bg7 4. c4 0-0 5. 0-0 d6 6. Nc3 c6 7. d3 a5 8. Rb1 Na6 9. a3 d5 10. cxd5 Nxd5 11. Bd2 Nac7 12. Qc1 Re8 13. Rd1 e5 14. Bh6 Ne6 15. Bxg7 Kxg7 16. e4 Nxc3 17. bxc3 Nc5 18. Qe3 Qf6 19. Qxc5 Bg4 20. Qe3 b5 21. h3 Bxf3 22. Qxf3 Qe7 23. Ra1 c5 24. Qe3 Rac8 25. d4 exd4 26. cxd4 c4 27. d5 c3 28. d6 Qd7 29. Rac1 c2 30. Rd2 f6 31. Rdxc2 Rxc2 32. Rxc2 Qxd6 33. Qc5 Qd8 34. Kh2 Re7 35. Qxb5 h5 36. h4 Rf7 37. Qc5 g5 38. hxg5 fxg5 39. Qe5+ Kh7 40. Rc5 h4 41. gxh4 1-0

[Event "FRA-chT Top 12 (Women) GpB"]
[Site "Mulhouse"]
[Date "2016.05.05"]
[Round "1.4"]
[White "Lomandong, Noela Joyce"]
[Black "Huisman, Chloe"]
[Result "1-0"]
[WhiteElo "1807"]
[BlackElo "1948"]
[PlyCount "49"]
[EventDate "2016.05.05"]
[EventType "team-tourn"]
[EventRounds "5"]
[EventCountry "FRA"]
[SourceTitle "CBM 172 Extra"]
[Source "ChessBase"]
[SourceDate "2016.06.21"]
[SourceVersion "1"]
[SourceVersionDate "2016.06.21"]
[SourceQuality "1"]
[WhiteTeam "Monaco (W)"]
[BlackTeam "Evry (W)"]
[WhiteTeamCountry "MNC"]
[BlackTeamCountry "FRA"]

1. Nf3 c5 2. g3 Nc6 3. Bg2 g6 4. c4 Bg7 5. 0-0 d6 6. Nc3 e5 7. d3 Nge7 8. a3 0-0 9. Rb1 h6 10. b4 Rb8 11. Be3 Nd4 12. bxc5 dxc5 13. Na4 Nxf3+ 14. exf3 b6 15. Nxc5 Qc7 16. Qb3 Nc6 17. Ne4 Rd8 18. Rfd1 Nd4 19. Bxd4 Rxd4 20. Nc3 Be6 21. Nb5 Qd7 22. Nxd4 Qxd4 23. Qa4 Rd8 24. Qxa7 Bxc4 25. dxc4 1-0

[Event "EU-ch U14 Girls 24th"]
[Site "Batumi"]
[Date "2014.10.26"]
[Round "7"]
[White "Olde, Margareth"]
[Black "Lomandong, Noela Joyce"]
[Result "1/2-1/2"]
[WhiteElo "1773"]
[BlackElo "1852"]
[PlyCount "114"]
[EventDate "2014.10.19"]
[EventType "swiss"]
[EventRounds "9"]
[EventCountry "GEO"]
[SourceTitle "EXT 2016"]
[Source "ChessBase"]
[SourceDate "2015.10.08"]
[SourceVersion "1"]
[SourceVersionDate "2015.10.08"]
[SourceQuality "1"]

1. c4 e6 2. g3 d5 3. Bg2 c6 4. Qc2 Nf6 5. Nf3 Nbd7 6. 0-0 Be7 7. d4 0-0 8. Bf4 Nh5 9. Bd2 g6 10. Ne5 Nxe5 11. dxe5 f6 12. exf6 Bxf6 13. Nc3 Ng7 14. Rad1 Bd7 15. Qb3 Qe7 16. e3 Rfd8 17. cxd5 exd5 18. Bxd5+ Kh8 19. Bg2 Bg4 20. f3 Be6 21. Qc2 Bf5 22. e4 Qc5+ 23. Kh1 Be6 24. Qc1 Bd4 25. b3 a5 26. Ne2 Qxc1 27. Bxc1 Bf6 28. Be3 a4 29. Nc1 axb3 30. axb3 Ra3 31. Bc5 Rxd1 32. Bxa3 Rd2 33. f4 Bb2 34. Bxb2 Rxb2 35. Rd1 Bg8 36. Bf1 h6 37. Rd3 Rb1 38. Rc3 Ne6 39. Kg2 Nd4 40. Bc4 Rb2+ 41. Kh3 b5 42. Bxg8 Kxg8 43. Rd3 c5 44. Rc3 b4 45. Rxc5 Nf3 46. Nd3 Rxh2+ 47. Kg4 Nd2 48. Rc8+ Kg7 49. Rc7+ Kg8 50. Nxb4 Nxe4 51. Rc2 h5+ 52. Kf3 Rxc2 53. Nxc2 Nd2+ 54. Ke3 Nxb3 55. Nb4 Kf7 56. Nd5 Ke6 57. Nc3 Nc5 1/2-1/2

[Event "EU-ch U14 Girls 24th"]
[Site "Batumi"]
[Date "2014.10.23"]
[Round "5"]
[White "Gailiunaite, Saule"]
[Black "Lomandong, Noela Joyce"]
[Result "0-1"]
[WhiteElo "1653"]
[BlackElo "1852"]
[PlyCount "116"]
[EventDate "2014.10.19"]
[EventType "swiss"]
[EventRounds "9"]
[EventCountry "GEO"]
[SourceTitle "EXT 2016"]
[Source "ChessBase"]
[SourceDate "2015.10.08"]
[SourceVersion "1"]
[SourceVersionDate "2015.10.08"]
[SourceQuality "1"]

1. d4 f5 2. c4 Nf6 3. Nc3 g6 4. h4 h6 5. Nh3 Rg8 6. Nf4 g5 7. hxg5 hxg5 8. Nh5 d6 9. Nxf6+ exf6 10. e4 Be6 11. d5 Bf7 12. exf5 Qe7+ 13. Be3 Nd7 14. Nb5 Nc5 15. b4 a6 16. Nd4 Ne4 17. Ne6 Bxe6 18. fxe6 f5 19. Bd4 Bg7 20. Rh7 0-0-0 21. b5 a5 22. b6 cxb6 23. Rb1 Nf6 24. Rh3 Nd7 25. Bxb6 Nxb6 26. Rxb6 Qc7 27. Rb5 Rh8 28. Ra3 Rh1 29. Qd3 b6 30. Rab3 a4 31. Ra3 Kb7 32. Rxa4 Ra8 33. Rxa8 Kxa8 34. a4 Be5 35. a5 bxa5 36. Qa3 Rxf1+ 37. Kxf1 Qxc4+ 38. Ke1 Qxb5 39. e7 Qb1+ 40. Kd2 Bf4+ 41. Kc3 Qe1+ 42. Kc4 Qe4+ 43. Kc3 Qxe7 44. Qxa5+ Kb8 45. Qb5+ Qb7 46. Qd3 Qc7+ 47. Kb3 Qb6+ 48. Ka4 Qa7+ 49. Kb5 Qc5+ 50. Ka6 Kc7 51. Qb3 Bd2 52. Qb7+ Kd8 53. Qf7 Qa5+ 54. Kb7 Qb5+ 55. Ka7 Qd7+ 56. Qxd7+ Kxd7 57. Kb7 Bb4 58. f3 Ke7 0-1

[Event "FRA-ch op"]
[Site "Nimes"]
[Date "2014.08.25"]
[Round "7"]
[White "Gardet, Thomas"]
[Black "Lomandong, Noela Joyce"]
[Result "1-0"]
[WhiteElo "1730"]
[BlackElo "1594"]
[PlyCount "82"]
[EventDate "2014.08.17"]
[EventType "swiss"]
[EventRounds "11"]
[EventCountry "FRA"]
[SourceTitle "EXT 2015"]
[Source "ChessBase"]
[SourceDate "2014.11.20"]
[SourceVersion "1"]
[SourceVersionDate "2014.11.20"]
[SourceQuality "1"]

1. e4 e5 2. Nf3 Nc6 3. Bc4 Be7 4. d4 d6 5. h3 Nf6 6. Nc3 0-0 7. 0-0 a6 8. a4 b6 9. Be3 Bb7 10. d5 Nb8 11. Qe2 Nbd7 12. b4 a5 13. Rfb1 g6 14. Nd2 axb4 15. Rxb4 Qc8 16. Rab1 Nh5 17. Bh6 Re8 18. Qf3 Bf8 19. Be3 Bg7 20. Ne2 Ba6 21. Nb3 Nc5 22. Bb5 Bxb5 23. axb5 f5 24. Nxc5 dxc5 25. R4b3 Nf6 26. Nc3 fxe4 27. Qe2 h6 28. Qc4 Kh7 29. Nxe4 Nxe4 30. Qxe4 Qf5 31. Qc4 Ra7 32. Rd1 Rea8 33. d6 Ra1 34. Qd5 Rxd1+ 35. Qxd1 c4 36. Rb4 Rd8 37. Rxc4 Rxd6 38. Qa1 Qd7 39. Qa7 Rd1+ 40. Kh2 c5 41. Qxb6 Rb1 1-0

[Event "Olympiad Women-41"]
[Site "Tromsoe"]
[Date "2014.08.11"]
[Round "9.4"]
[White "Lomandong, Noela Joyce"]
[Black "Boshra, Alshaeby"]
[Result "1/2-1/2"]
[WhiteElo "1616"]
[BlackElo "1947"]
[PlyCount "58"]
[EventDate "2014.08.02"]
[EventType "team-swiss"]
[EventRounds "11"]
[EventCountry "NOR"]
[SourceTitle "CBM 162"]
[Source "ChessBase"]
[SourceDate "2014.09.17"]
[SourceVersion "1"]
[SourceVersionDate "2014.09.17"]
[SourceQuality "1"]
[WhiteTeam "Monaco (W)"]
[BlackTeam "Jordan (W)"]
[WhiteTeamCountry "MNC"]
[BlackTeamCountry "JOR"]

1. e4 g6 2. Nc3 Bg7 3. f4 d6 4. Nf3 Nf6 5. d4 0-0 6. Bd3 Nbd7 7. Ne2 c5 8. c3 c4 9. Bc2 b5 10. 0-0 Bb7 11. Ng3 a5 12. Qe1 Qb6 13. Kh1 b4 14. f5 Rac8 15. Bd2 e5 16. dxe5 dxe5 17. cxb4 c3 18. bxc3 axb4 19. Rb1 Ba6 20. Rg1 Ng4 21. h3 Nf2+ 22. Kh2 Nf6 23. Rxb4 N6g4+ 24. hxg4 Nxg4+ 25. Kh1 Nf2+ 26. Kh2 Ng4+ 27. Kh1 Nf2+ 28. Kh2 Ng4+ 29. Kh1 Nf2+ 1/2-1/2